| 000 | 01338nam a22002777a 4500 | ||
|---|---|---|---|
| 005 | 20170323170523.0 | ||
| 008 | 140714b xxu||||| |||| 00| 0 Urdu d | ||
| 010 | _aUR-8608 B-548275-278 B-665927 | ||
| 020 |
_c160.00 _a9789380182742 |
||
| 035 | _aU-7163 B-548275-278 B-665927 | ||
| 037 | _bBPPD/Publishers/Venders | ||
| 037 | _bDBAD/Pub. | ||
| 037 | _bStar Publications(Vend.)/Takhleekhkar Pub. (Pub.) | ||
| 040 |
_aDPL _bUrdu |
||
| 082 | _aن | ||
| 100 | _aمر ز ا عضيم بيگ چغتا ئ | ||
| 245 |
_aشر ير بيو ی :مز ا حيہ نا و ل _cمر ز ا عضيم بيگ چغتا ئ |
||
| 246 |
_aShareer Biwi(Humerous Novel) _bby Mirza Azeem Baig Chughtai |
||
| 260 |
_bTakhleeqkar Publishers _bStar Publications.( Vender) _c2013 |
||
| 260 | _a4/5Asaf Ali Road,New Delhi-110002 | ||
| 270 |
_a54-سی،ا يف/ا يف،گلی نمبر -5 جے،ا يکسٹينشن، لکشمی نگر _b دھلی _e110092 _k01122442572 |
||
| 300 |
_a176ص _c22Cm(Pb) |
||
| 942 |
_2ddc _cUR _mع ظ ی _hن |
||
| 999 |
_c87769 _d87769 |
||